Интегрированный курс профессионально-ориентированного перевода (нефтегазовое дело и геология). Часть 1: электронный курс

গ্রন্থ-পঞ্জীর বিবরন
প্রধান লেখক: Коротченко Т. В. Татьяна Валериевна
সংস্থা লেখক: Национальный исследовательский Томский политехнический университет Школа базовой инженерной подготовки Отделение иностранных языков
অন্যান্য লেখক: Поздеева Г. П. Галина Петровна
সংক্ষিপ্ত:Заглавие с экрана
Основными целями курса является выработка основных практических навыков профессионально-ориентированного письменного перевода и общее совершенствование языковой компетенции (родной и изучаемый языки). Курс предназначен для обучения профессионально-ориентированному письменному переводу (нефтегазовое дело и геология) слушателей программы профессиональной переподготовки "Переводчик в сфере профессиональной коммуникации: английский язык" в 3-м и 4-м семестрах.
Доступ по логину и паролю
ভাষা:রুশ
প্রকাশিত: Томск, TPU Moodle, 2021
বিষয়গুলি:
অনলাইন ব্যবহার করুন:https://design.lms.tpu.ru/course/view.php?id=3848
বিন্যাস: MixedMaterials বৈদ্যুতিক গ্রন্থ
KOHA link:https://koha.lib.tpu.ru/cgi-bin/koha/opac-detail.pl?biblionumber=665965

MARC

LEADER 00000nlm0a2200000 4500
001 665965
005 20240219142025.0
035 |a (RuTPU)RU\TPU\network\37169 
035 |a RU\TPU\network\37168 
090 |a 665965 
100 |a 20211125d2021 m y0rusy50 ca 
101 0 |a rus 
102 |a RU 
105 |a a j 000zy 
135 |a jrcn ---uucaa 
181 0 |a i  
182 0 |a b 
200 1 |a Интегрированный курс профессионально-ориентированного перевода (нефтегазовое дело и геология). Часть 1  |e электронный курс  |f Т. В. Коротченко, Г. П. Поздеева  |g Национальный исследовательский Томский политехнический университет, Школа базовой инженерной подготовки, Отделение иностранных языков 
203 |a Текст  |c электронный 
210 |a Томск  |c TPU Moodle  |d 2021 
300 |a Заглавие с экрана 
330 |a Основными целями курса является выработка основных практических навыков профессионально-ориентированного письменного перевода и общее совершенствование языковой компетенции (родной и изучаемый языки). Курс предназначен для обучения профессионально-ориентированному письменному переводу (нефтегазовое дело и геология) слушателей программы профессиональной переподготовки "Переводчик в сфере профессиональной коммуникации: английский язык" в 3-м и 4-м семестрах. 
333 |a Доступ по логину и паролю 
606 1 |a Английский язык  |x Учебные пособия для высшей школы  |x Перевод  |x Стилистика  |2 stltpush  |3 (RuTPU)RU\TPU\subj\67657  |9 83378 
610 1 |a электронный ресурс 
610 1 |a труды учёных ТПУ 
610 1 |a электронные учебные пособия 
610 1 |a учебные пособия 
610 1 |a Moodle 
610 1 |a e-learning 
610 1 |a дистанционное образование 
610 1 |a дистанционное обучение 
610 1 |a профессиональный английский язык 
610 1 |a нефтегазовое дело 
686 |a Ш143.21-923.7  |2 rubbk 
700 1 |a Коротченко  |b Т. В.  |c лингвист  |c доцент Томского политехнического университета, кандидат филологических наук  |f 1982-  |g Татьяна Валериевна  |3 (RuTPU)RU\TPU\pers\28096  |9 13055 
701 1 |a Поздеева  |b Г. П.  |c лингвист  |c доцент Томского политехнического университета, кандидат наук  |f 1975-  |g Галина Петровна  |3 (RuTPU)RU\TPU\pers\29483  |9 14026 
712 0 2 |a Национальный исследовательский Томский политехнический университет  |b Школа базовой инженерной подготовки  |b Отделение иностранных языков  |3 (RuTPU)RU\TPU\col\23510 
801 2 |a RU  |b 63413507  |c 20220606  |g RCR 
856 4 |u https://design.lms.tpu.ru/course/view.php?id=3848 
942 |c CF